[Event "Almunecar FEDC op 23th"]
[Site "Almunecar"]
[Date "2019.09.29"]
[Round "2"]
[White "Rubio Sebastian, Eladio"]
[Black "Luna Perez Vico, Lorenzo"]
[Result "1/2-1/2"]
[WhiteElo "1201"]
[BlackElo "1432"]
[PlyCount "45"]
[EventDate "2019.09.28"]
[EventType "swiss"]
[EventRounds "7"]
[EventCountry "ESP"]
[SourceTitle "EXT 2024"]
[Source "ChessBase"]
[SourceDate "2023.10.10"]
[SourceVersion "1"]
[SourceVersionDate "2023.10.10"]
[SourceQuality "1"]

1. d4 Nf6 2. Nf3 d6 3. c4 c6 4. g3 g6 5. Bg2 Bg7 6. 0-0 0-0 7. Nc3 d5 8. cxd5 cxd5 9. Re1 Nc6 10. e4 Nxe4 11. Nxe4 dxe4 12. Rxe4 Bf5 13. Re1 Nxd4 14. Nxd4 Bxd4 15. Qb3 e5 16. Be3 Rb8 17. Bxd4 exd4 18. Qb4 d3 19. Rad1 Re8 20. Rxe8+ Qxe8 21. Bf1 b6 22. Bxd3 Bxd3 23. Rxd3 1/2-1/2

[Event "Benidorm FEDC op 22th"]
[Site "Benidorm"]
[Date "2019.06.15"]
[Round "7"]
[White "Gonzalez Acosta, Francisco"]
[Black "Luna Perez Vico, Lorenzo"]
[Result "1/2-1/2"]
[WhiteElo "1512"]
[BlackElo "1425"]
[PlyCount "41"]
[EventDate "2019.06.09"]
[EventType "swiss"]
[EventRounds "7"]
[EventCountry "ESP"]
[SourceTitle "EXT 2024"]
[Source "ChessBase"]
[SourceDate "2023.10.10"]
[SourceVersion "1"]
[SourceVersionDate "2023.10.10"]
[SourceQuality "1"]

1. c4 c5 2. Nc3 Nc6 3. g3 Nf6 4. Bg2 g6 5. Nf3 Bg7 6. 0-0 0-0 7. e3 e6 8. d4 cxd4 9. Nxd4 d5 10. cxd5 Nxd5 11. Nxd5 Nxd4 12. Nc3 Nc6 13. a3 a6 14. Qc2 Qe7 15. Bd2 Bd7 16. Na4 Rfd8 17. Bc3 Bxc3 18. Qxc3 Rab8 19. Nb6 Be8 20. Rfd1 Rxd1+ 21. Rxd1 1/2-1/2

[Event "Benidorm FEDC op 22th"]
[Site "Benidorm"]
[Date "2019.06.09"]
[Round "1"]
[White "Luna Perez Vico, Lorenzo"]
[Black "Mayor Martinez, Juan Jose"]
[Result "0-1"]
[WhiteElo "1425"]
[BlackElo "1850"]
[PlyCount "68"]
[EventDate "2019.06.09"]
[EventType "swiss"]
[EventRounds "7"]
[EventCountry "ESP"]
[SourceTitle "EXT 2024"]
[Source "ChessBase"]
[SourceDate "2023.10.10"]
[SourceVersion "1"]
[SourceVersionDate "2023.10.10"]
[SourceQuality "1"]

1. Nf3 c5 2. e4 e6 3. Nc3 a6 4. d4 cxd4 5. Nxd4 Nc6 6. a3 Qc7 7. Be2 Nf6 8. Bg5 Be7 9. Nf3 h6 10. Bh4 b5 11. Bg3 d6 12. h3 Bb7 13. Qd3 Rd8 14. Rd1 0-0 15. 0-0 Rd7 16. Rd2 Rfd8 17. Qe3 Na5 18. b3 Nc6 19. b4 Ne5 20. Nxe5 dxe5 21. Rxd7 Rxd7 22. Rd1 Bd6 23. Bf3 Bc6 24. Be2 Qb7 25. Bh4 Nxe4 26. Nxe4 Bxe4 27. Bf3 Bxf3 28. gxf3 Qc6 29. c3 f6 30. Bg3 Kf7 31. Rd3 Qc4 32. Kf1 Bc5 33. bxc5 Rxd3 34. Qe2 Rd1+ 0-1

[Event "Almunecar FEDC op 21th"]
[Site "Almunecar"]
[Date "2018.10.04"]
[Round "3"]
[White "Martin Fernandez, Enrique"]
[Black "Luna Perez Vico, Lorenzo"]
[Result "0-1"]
[WhiteElo "1216"]
[BlackElo "1455"]
[PlyCount "74"]
[EventDate "2018.10.02"]
[EventType "swiss"]
[EventRounds "7"]
[EventCountry "ESP"]
[SourceTitle "EXT 2024"]
[Source "ChessBase"]
[SourceDate "2023.10.10"]
[SourceVersion "1"]
[SourceVersionDate "2023.10.10"]
[SourceQuality "1"]

1. e4 c5 2. Nc3 Nc6 3. Bc4 e6 4. Nf3 a6 5. a4 d6 6. 0-0 Nf6 7. Re1 Qc7 8. d3 h6 9. Bd2 Be7 10. Bf4 Nh5 11. Qd2 0-0 12. d4 cxd4 13. Nxd4 Nxd4 14. Qxd4 Nxf4 15. e5 Ng6 16. exd6 Qxd6 17. Qe4 Qf4 18. Qe2 Qc7 19. Rad1 Bb4 20. Ne4 Bxe1 21. Rxe1 Qe7 22. Bd3 Nf4 23. Qe3 Nxd3 24. Qxd3 Bd7 25. Re3 Bc6 26. Ng3 Rfd8 27. Qe2 Bxa4 28. b3 Bb5 29. c4 Bc6 30. h3 Qd6 31. Qf1 Qd1 32. Re1 Qxb3 33. Kh2 Qb4 34. Re3 Rd4 35. Nh5 Qxc4 36. Qb1 Qc5 37. Rg3 Qxh5 0-1

[Event "Almunecar FEDC op 21th"]
[Site "Almunecar"]
[Date "2018.10.03"]
[Round "2"]
[White "Luna Perez Vico, Lorenzo"]
[Black "Montilla Bejarano, Carmen"]
[Result "1-0"]
[WhiteElo "1455"]
[BlackElo "1136"]
[PlyCount "43"]
[EventDate "2018.10.02"]
[EventType "swiss"]
[EventRounds "7"]
[EventCountry "ESP"]
[SourceTitle "EXT 2024"]
[Source "ChessBase"]
[SourceDate "2023.10.10"]
[SourceVersion "1"]
[SourceVersionDate "2023.10.10"]
[SourceQuality "1"]

1. e4 c5 2. Nf3 e6 3. c3 g6 4. d4 Bg7 5. d5 e5 6. d6 b6 7. Bg5 Nf6 8. Nxe5 Nc6 9. Ng4 0-0 10. Nxf6+ Bxf6 11. Bxf6 Qxf6 12. Be2 Re8 13. f3 Re6 14. 0-0 Rxd6 15. Qc2 Ne5 16. Nd2 Bb7 17. f4 Rxd2 18. Qxd2 Nc6 19. Qxd7 Bc8 20. Qc7 Nd8 21. e5 Ne6 22. Qc6 1-0

[Event "Almunecar FEDC op 21th"]
[Site "Almunecar"]
[Date "2018.10.02"]
[Round "1"]
[White "Martinez Colomar, Alejandro"]
[Black "Luna Perez Vico, Lorenzo"]
[Result "1-0"]
[WhiteElo "1883"]
[BlackElo "1455"]
[PlyCount "66"]
[EventDate "2018.10.02"]
[EventType "swiss"]
[EventRounds "7"]
[EventCountry "ESP"]
[SourceTitle "EXT 2024"]
[Source "ChessBase"]
[SourceDate "2023.10.10"]
[SourceVersion "1"]
[SourceVersionDate "2023.10.10"]
[SourceQuality "1"]

1. c4 c5 2. Nc3 Nf6 3. g3 Nc6 4. Bg2 d6 5. e4 Bg4 6. f3 Be6 7. d3 g6 8. Nge2 Bg7 9. 0-0 0-0 10. h3 Bd7 11. Be3 e5 12. Qd2 Qc8 13. Kh2 Nd4 14. f4 Nxe2 15. Nxe2 Nh5 16. f5 Nf6 17. g4 b5 18. g5 Nh5 19. f6 Bh8 20. Nc3 Bc6 21. cxb5 Bb7 22. a4 Nf4 23. Bxf4 exf4 24. Qxf4 h5 25. Qxd6 Rd8 26. Qg3 c4 27. Rad1 cxd3 28. Rxd3 Qc4 29. Rfd1 Rxd3 30. Qxd3 Qc5 31. Nd5 Kh7 32. Qc3 Qd6+ 33. e5 Rc8 1-0

[Event "Benidorm FEDC op 20th"]
[Site "Benidorm"]
[Date "2018.06.16"]
[Round "7"]
[White "Luna Perez Vico, Lorenzo"]
[Black "Garcia Cervigon, Cecilio"]
[Result "0-1"]
[WhiteElo "1471"]
[BlackElo "1729"]
[PlyCount "50"]
[EventDate "2018.06.10"]
[EventType "swiss"]
[EventRounds "7"]
[EventCountry "ESP"]
[SourceTitle "CBM 184 Extra"]
[Source "ChessBase"]
[SourceDate "2018.06.28"]
[SourceVersion "1"]
[SourceVersionDate "2018.06.28"]
[SourceQuality "1"]

1. e4 c6 2. d4 d5 3. Nc3 dxe4 4. Nxe4 Nf6 5. Nxf6+ exf6 6. Nf3 Bd6 7. Be2 Be6 8. Be3 Nd7 9. b3 f5 10. Bd2 Nf6 11. Bg5 Qa5+ 12. Bd2 Qc7 13. Bc3 Ne4 14. Bb2 Qa5+ 15. Kf1 0-0 16. c4 Rfe8 17. d5 cxd5 18. cxd5 Qxd5 19. Qxd5 Bxd5 20. Rd1 Bc6 21. Bd3 Rad8 22. Bxe4 fxe4 23. Ng5 h6 24. Nh3 Bb5+ 25. Ke1 Bb4+ 0-1

[Event "Benidorm FEDC op 20th"]
[Site "Benidorm"]
[Date "2018.06.12"]
[Round "3"]
[White "Luna Perez Vico, Lorenzo"]
[Black "San Juan Santin, Aaron"]
[Result "1/2-1/2"]
[WhiteElo "1471"]
[BlackElo "1179"]
[PlyCount "99"]
[EventDate "2018.06.10"]
[EventType "swiss"]
[EventRounds "7"]
[EventCountry "ESP"]
[SourceTitle "CBM 184 Extra"]
[Source "ChessBase"]
[SourceDate "2018.06.28"]
[SourceVersion "1"]
[SourceVersionDate "2018.06.28"]
[SourceQuality "1"]

1. e4 e5 2. Nf3 Nc6 3. Bc4 Bc5 4. Nc3 Nf6 5. h3 0-0 6. 0-0 d6 7. d3 h6 8. a3 Ne7 9. b4 Bb6 10. Na4 c6 11. Nxb6 axb6 12. Bb2 Ng6 13. Bc1 Nh5 14. d4 d5 15. Bb3 dxe4 16. Nxe5 Nxe5 17. Qxh5 Qxd4 18. Be3 Qd6 19. Rfd1 Qe7 20. Bxb6 Qg5 21. Qxg5 hxg5 22. Rd8 Rxd8 23. Bxd8 g4 24. hxg4 Bxg4 25. Bc7 Nd7 26. Bd6 Nb6 27. Bc5 Nd5 28. Bxd5 cxd5 29. b5 Rc8 30. Be3 Rxc2 31. Rc1 Rxc1+ 32. Bxc1 d4 33. Kf1 d3 34. Ke1 Bd7 35. b6 Bc6 36. g3 Kf8 37. Bb2 g5 38. Kd2 Ke7 39. Bd4 Ke6 40. Ke3 f5 41. Bc3 Kd5 42. Bf6 f4+ 43. gxf4 gxf4+ 44. Kd2 Ke6 45. Bc3 Kd5 46. Bb2 Kc5 47. Be5 f3 48. Bc7 Kc4 49. Bd6 Kb3 50. Bb4 1/2-1/2

[Event "Benidorm op 18th"]
[Site "Benidorm"]
[Date "2017.06.15"]
[Round "5"]
[White "San Isidoro Castillo, Jose"]
[Black "Luna Perez Vico, Lorenzo"]
[Result "1-0"]
[WhiteElo "1397"]
[BlackElo "1542"]
[PlyCount "89"]
[EventDate "2017.06.11"]
[EventType "swiss"]
[EventRounds "7"]
[EventCountry "ESP"]
[SourceTitle "EXT 2018"]
[Source "ChessBase"]
[SourceDate "2017.10.13"]
[SourceVersion "1"]
[SourceVersionDate "2017.10.13"]
[SourceQuality "1"]

1. e4 c5 2. Nf3 Nc6 3. d4 cxd4 4. Nxd4 Nf6 5. Nc3 e6 6. Be3 a6 7. a4 d5 8. exd5 Nxd5 9. Nxd5 Qxd5 10. Nxc6 Qxc6 11. c3 Bc5 12. Bxc5 Qxc5 13. Be2 Bd7 14. 0-0 Bc6 15. Qc2 Qg5 16. g3 Rd8 17. Rad1 0-0 18. Rfe1 Qa5 19. b3 Qg5 20. Bf1 Qg4 21. Bg2 Bf3 22. Bxf3 Qxf3 23. c4 g6 24. Re2 Rfe8 25. Red2 Rxd2 26. Rxd2 Kf8 27. Qd1 Qxd1+ 28. Rxd1 Ke7 29. Kf1 Rd8 30. Rxd8 Kxd8 31. Ke2 Kc7 32. Kd3 Kc6 33. b4 e5 34. Ke4 f6 35. f3 Kd6 36. c5+ Ke6 37. g4 f5+ 38. gxf5+ gxf5+ 39. Kd3 Kd7 40. b5 Kc7 41. Kc4 axb5+ 42. axb5 h6 43. Kd5 e4 44. fxe4 f4 45. Kd4 1-0

[Event "Benidorm op 18th"]
[Site "Benidorm"]
[Date "2017.06.12"]
[Round "2"]
[White "Luna Perez Vico, Lorenzo"]
[Black "Mena Lena, Antonio"]
[Result "0-1"]
[WhiteElo "1542"]
[BlackElo "1256"]
[PlyCount "114"]
[EventDate "2017.06.11"]
[EventType "swiss"]
[EventRounds "7"]
[EventCountry "ESP"]
[SourceTitle "EXT 2018"]
[Source "ChessBase"]
[SourceDate "2017.10.13"]
[SourceVersion "1"]
[SourceVersionDate "2017.10.13"]
[SourceQuality "1"]

1. e4 c6 2. d4 d5 3. Nd2 Qb6 4. c3 dxe4 5. Nxe4 Bf5 6. Ng3 Be6 7. Nf3 Nf6 8. Bd3 Bg4 9. h3 Bxf3 10. Qxf3 Nbd7 11. Qe2 e6 12. Bf4 Nd5 13. Bc1 Be7 14. Nh5 Bf6 15. Nxf6+ N7xf6 16. Bg5 h6 17. Bxf6 Nxf6 18. Qc2 Qc7 19. Qd2 e5 20. dxe5 Qxe5+ 21. Qe2 Nd7 22. Bf5 Qxe2+ 23. Kxe2 Ne5 24. b3 0-0 25. Rhe1 Rfe8 26. Kf1 Rad8 27. Rad1 Rxd1 28. Rxd1 g6 29. Bc2 Re7 30. Rd8+ Kg7 31. Rd1 c5 32. Re1 f6 33. f4 Nc6 34. Rxe7+ Nxe7 35. Be4 b5 36. Ke2 a5 37. Kd3 Nc8 38. c4 b4 39. g4 Nd6 40. Ke3 f5 41. gxf5 gxf5 42. Bd5 Kg6 43. Kf2 Ne4+ 44. Bxe4 fxe4 45. Ke3 Kf5 46. Ke2 Kxf4 47. Kf2 h5 48. h4 e3+ 49. Ke2 Ke4 50. Ke1 Kd3 51. Kd1 e2+ 52. Ke1 Kc2 53. Kxe2 Kb2 54. Kd3 Kxa2 55. Kc2 Ka1 56. Kc1 Ka2 57. Kc2 Ka3 0-1

[Event "Benidorm op 18th"]
[Site "Benidorm"]
[Date "2017.06.11"]
[Round "1"]
[White "Garcia Cervigon, Cecilio"]
[Black "Luna Perez Vico, Lorenzo"]
[Result "1-0"]
[WhiteElo "1792"]
[BlackElo "1542"]
[PlyCount "53"]
[EventDate "2017.06.11"]
[EventType "swiss"]
[EventRounds "7"]
[EventCountry "ESP"]
[SourceTitle "EXT 2018"]
[Source "ChessBase"]
[SourceDate "2017.10.13"]
[SourceVersion "1"]
[SourceVersionDate "2017.10.13"]
[SourceQuality "1"]

1. d4 Nf6 2. c4 d5 3. cxd5 Nxd5 4. e4 Nf6 5. Nc3 e6 6. Bg5 Be7 7. Nf3 0-0 8. Bd3 Nbd7 9. Qe2 h6 10. Bd2 c6 11. 0-0 Re8 12. Rfe1 Nf8 13. Rad1 Qc7 14. g3 b6 15. Bf4 Qd8 16. Bc4 Ng6 17. Bc1 Bb7 18. Ne5 Qc7 19. Nxg6 fxg6 20. Bxe6+ Kh8 21. Bf7 Rf8 22. Bxg6 Bb4 23. e5 Bxc3 24. bxc3 Nd5 25. c4 Ne7 26. Bc2 Rad8 27. Qh5 1-0

[Event "Almunecar FEDC op 17th"]
[Site "Almunecar"]
[Date "2016.09.30"]
[Round "6"]
[White "Lago Carballo, Carmen"]
[Black "Luna Perez Vico, Lorenzo"]
[Result "1/2-1/2"]
[WhiteElo "1426"]
[BlackElo "1550"]
[PlyCount "70"]
[EventDate "2016.09.25"]
[EventType "swiss"]
[EventRounds "7"]
[EventCountry "ESP"]
[SourceTitle "EXT 2017"]
[Source "ChessBase"]
[SourceDate "2016.10.25"]
[SourceVersion "1"]
[SourceVersionDate "2016.10.25"]
[SourceQuality "1"]

1. e4 c6 2. d4 d5 3. e5 Bf5 4. c3 e6 5. Nf3 h6 6. Be2 c5 7. Bb5+ Nd7 8. Bd2 a6 9. Ba4 b5 10. Bc2 Ne7 11. Nh4 Bxc2 12. Qxc2 cxd4 13. cxd4 Nc6 14. Nf3 Bb4 15. 0-0 Bxd2 16. Qxd2 0-0 17. Nc3 Nb6 18. Rfc1 Nc4 19. Qe2 Rc8 20. b3 N4a5 21. Rab1 Qb6 22. Qd2 Ne7 23. Ne2 Nac6 24. Ng3 Qa5 25. Rc2 Qxd2 26. Rxd2 Nb4 27. h3 Rc2 28. Rxc2 Nxc2 29. Rd1 Rc8 30. Kf1 Nb4 31. a3 Na2 32. Ne2 Nc3 33. Rc1 Nxe2 34. Rxc8+ Nxc8 35. Kxe2 Kf8 1/2-1/2

[Event "Almunecar FEDC op 17th"]
[Site "Almunecar"]
[Date "2016.09.28"]
[Round "4"]
[White "Luna Perez Vico, Lorenzo"]
[Black "Septien Lopez, Valeriano"]
[Result "1/2-1/2"]
[WhiteElo "1550"]
[BlackElo "1872"]
[PlyCount "39"]
[EventDate "2016.09.25"]
[EventType "swiss"]
[EventRounds "7"]
[EventCountry "ESP"]
[SourceTitle "EXT 2017"]
[Source "ChessBase"]
[SourceDate "2016.10.25"]
[SourceVersion "1"]
[SourceVersionDate "2016.10.25"]
[SourceQuality "1"]

1. e4 d5 2. exd5 Qxd5 3. Nc3 Qd6 4. d4 Nf6 5. Nf3 g6 6. g3 Bg7 7. Bf4 Qd8 8. Bg2 c6 9. 0-0 Nh5 10. Bg5 0-0 11. Re1 Re8 12. Ne4 h6 13. Be3 Nf6 14. Nxf6+ exf6 15. Qd2 Kh7 16. Rad1 Be6 17. b3 a5 18. c4 a4 19. d5 cxd5 20. cxd5 1/2-1/2

[Event "Benidorm FEDC op 16th"]
[Site "Benidorm"]
[Date "2016.06.15"]
[Round "4.5"]
[White "Luna Perez Vico, Lorenzo"]
[Black "Diez Asensio, Jesus"]
[Result "0-1"]
[WhiteElo "1597"]
[BlackElo "1839"]
[PlyCount "89"]
[EventDate "2016.06.12"]
[EventType "swiss"]
[EventRounds "7"]
[EventCountry "ESP"]
[SourceTitle "EXT 2024"]
[Source "ChessBase"]
[SourceDate "2023.10.10"]
[SourceVersion "1"]
[SourceVersionDate "2023.10.10"]
[SourceQuality "1"]

1. e4 c5 2. Nc3 e6 3. Nf3 a6 4. d4 cxd4 5. Nxd4 Qc7 6. g3 Nf6 7. Bg2 Be7 8. 0-0 0-0 9. Re1 d6 10. Be3 Bd7 11. a4 Nc6 12. Nxc6 Bxc6 13. a5 Nd7 14. f4 Rac8 15. Qd2 Rfd8 16. Rec1 Nc5 17. b4 Nd7 18. Na4 Bxa4 19. Rxa4 Qc6 20. Ra2 Qc4 21. c3 Nf6 22. Qc2 d5 23. e5 Ne4 24. Bd4 f6 25. Bxe4 dxe4 26. Rb2 fxe5 27. fxe5 Bg5 28. Re1 Rxd4 29. Re2 Rd3 30. Kf2 Rcd8 31. Qb3 Qxb3 32. Rxb3 e3+ 33. Kf3 Rd2 34. h4 Be7 35. Rxe3 Kf7 36. c4 R8d4 37. Re4 Ke8 38. Rxd4 Rxd4 39. Ke3 Rxc4 40. b5 Rb4 41. Rxb4 Bxb4 42. bxa6 bxa6 43. h5 Bxa5 44. Kd3 Ke7 45. Kc4 0-1

[Event "Benidorm Ciegos-ch 15th"]
[Site "Benidorm"]
[Date "2015.06.09"]
[Round "3"]
[White "Balmiza Jimenez, Francisco"]
[Black "Luna Perez Vico, Lorenzo"]
[Result "1-0"]
[WhiteElo "1950"]
[BlackElo "1594"]
[PlyCount "53"]
[EventDate "2015.06.07"]
[EventType "swiss"]
[EventRounds "7"]
[EventCountry "ESP"]
[SourceTitle "CBM 167 Extra"]
[Source "ChessBase"]
[SourceDate "2015.09.14"]
[SourceVersion "1"]
[SourceVersionDate "2015.09.14"]
[SourceQuality "1"]

1. d4 Nf6 2. c4 e6 3. Nc3 d5 4. Bg5 Be7 5. e3 c6 6. Nf3 Nbd7 7. Bd3 h6 8. Bh4 c5 9. cxd5 Nxd5 10. Bxe7 Nxe7 11. 0-0 cxd4 12. Nxd4 Ne5 13. Bc2 Bd7 14. Qh5 N5g6 15. Ne4 Qb6 16. Bb3 Nf8 17. Rad1 Nh7 18. Nxe6 Bxe6 19. Nd6+ Kf8 20. Bxe6 g6 21. Qf3 Ng5 22. Qf6 Rh7 23. Bb3 Nf5 24. Rd3 Nxd6 25. Rxd6 Qc7 26. Rfd1 Ne4 27. Rd8+ 1-0

[Event "Benidorm FEDC op 14th"]
[Site "Benidorm"]
[Date "2014.06.13"]
[Round "6"]
[White "Luna Perez Vico, Lorenzo"]
[Black "Lago Carballo, Carmen"]
[Result "1/2-1/2"]
[WhiteElo "1531"]
[BlackElo "1436"]
[PlyCount "68"]
[EventDate "2014.06.08"]
[EventType "swiss"]
[EventRounds "7"]
[EventCountry "ESP"]
[SourceTitle "EXT 2016"]
[Source "ChessBase"]
[SourceDate "2015.10.08"]
[SourceVersion "1"]
[SourceVersionDate "2015.10.08"]
[SourceQuality "1"]

1. b4 Nf6 2. d3 d5 3. Nf3 Bf5 4. Nbd2 e6 5. a3 h6 6. g3 Nbd7 7. Bg2 Bd6 8. Nd4 Bg6 9. Bb2 a6 10. f4 c6 11. e4 dxe4 12. dxe4 e5 13. f5 Bh5 14. N4f3 Bxf3 15. Bxf3 b5 16. c4 Rc8 17. c5 Bc7 18. Nf1 a5 19. Ne3 Ra8 20. 0-0 0-0 21. Kh1 Qe7 22. Qe2 Rfd8 23. Rfd1 axb4 24. axb4 Rxa1 25. Rxa1 Nb8 26. Rd1 Rxd1+ 27. Qxd1 Qd7 28. Kg2 Qxd1 29. Nxd1 Kf8 30. Ne3 Ke8 31. Ng4 Nxg4 32. Bxg4 f6 33. h4 Nd7 34. h5 Nf8 1/2-1/2

[Event "Benidorm FEDC op 14th"]
[Site "Benidorm"]
[Date "2014.06.11"]
[Round "4"]
[White "Luna Perez Vico, Lorenzo"]
[Black "Miramon Borragan, Gustavo"]
[Result "1/2-1/2"]
[WhiteElo "1531"]
[BlackElo "1617"]
[PlyCount "56"]
[EventDate "2014.06.08"]
[EventType "swiss"]
[EventRounds "7"]
[EventCountry "ESP"]
[SourceTitle "EXT 2016"]
[Source "ChessBase"]
[SourceDate "2015.10.08"]
[SourceVersion "1"]
[SourceVersionDate "2015.10.08"]
[SourceQuality "1"]

1. e4 c5 2. Nf3 g6 3. c3 Bg7 4. d4 b6 5. Be3 d6 6. dxc5 bxc5 7. Qd5 Nc6 8. Qxc6+ Bd7 9. Qd5 Nf6 10. Qd3 Rb8 11. Qc2 0-0 12. Bc4 Qc7 13. Bf4 Ng4 14. h3 Ne5 15. Nxe5 dxe5 16. Be3 Bc8 17. Nd2 e6 18. Nf3 Re8 19. 0-0 Rb6 20. Rfd1 Rc6 21. Qd2 Bb7 22. Qd7 h6 23. Qxc7 Rxc7 24. Nd2 Bf8 25. Bxh6 Bxh6 26. f3 Bc8 27. Nb3 Ree7 28. Rd8+ Kg7 1/2-1/2

[Event "Benidorm FEDC op 14th"]
[Site "Benidorm"]
[Date "2014.06.08"]
[Round "1"]
[White "Garcia Andrinal, Antonio"]
[Black "Luna Perez Vico, Lorenzo"]
[Result "0-1"]
[WhiteElo "1708"]
[BlackElo "1531"]
[PlyCount "72"]
[EventDate "2014.06.08"]
[EventType "swiss"]
[EventRounds "7"]
[EventCountry "ESP"]
[SourceTitle "EXT 2016"]
[Source "ChessBase"]
[SourceDate "2015.10.08"]
[SourceVersion "1"]
[SourceVersionDate "2015.10.08"]
[SourceQuality "1"]

1. e4 c5 2. Nf3 Nc6 3. d4 cxd4 4. Nxd4 Qc7 5. Nc3 a6 6. g3 e6 7. Bg2 Nf6 8. 0-0 Be7 9. Re1 0-0 10. Nxc6 dxc6 11. e5 Nd5 12. Qh5 Nxc3 13. bxc3 Bd7 14. Bf4 c5 15. Be4 g6 16. Qf3 Bc6 17. Bh6 Rfc8 18. Bxc6 Qxc6 19. Re4 Rd8 20. h4 Bf8 21. Bg5 Rd7 22. Bf6 Bg7 23. Qf4 Qc7 24. Bxg7 Kxg7 25. Qf6+ Kg8 26. h5 Qd8 27. Qf3 Qg5 28. Rae1 Qf5 29. Qe3 Qxh5 30. Rh4 Qf5 31. Qh6 f6 32. Rf4 Qg5 33. Qh3 f5 34. Qf1 Rad8 35. Qe2 Rd2 36. Rf3 Rxe2 0-1

[Event "Benidorm FEDC op 12th"]
[Site "Benidorm"]
[Date "2012.06.17"]
[Round "1.13"]
[White "Luna Perez Vico, Lorenzo"]
[Black "Garcia Cervigon, Juan Pablo"]
[Result "0-1"]
[WhiteElo "1546"]
[BlackElo "1767"]
[PlyCount "52"]
[EventDate "2012.06.17"]
[EventType "swiss"]
[EventRounds "7"]
[EventCountry "ESP"]
[SourceTitle "EXT 2024"]
[Source "ChessBase"]
[SourceDate "2023.10.10"]
[SourceVersion "1"]
[SourceVersionDate "2023.10.10"]
[SourceQuality "1"]

1. e4 c5 2. Nf3 e6 3. d4 cxd4 4. Nxd4 a6 5. a3 b5 6. b4 Bb7 7. Nd2 Nf6 8. Bd3 Qc7 9. Bb2 Bd6 10. N4f3 Nc6 11. Rc1 Ne5 12. Nxe5 Bxe5 13. Bxe5 Qxe5 14. c4 0-0 15. 0-0 Rfc8 16. Re1 Qf4 17. g3 Qh6 18. Qe2 Qh3 19. f3 Bc6 20. e5 Ne8 21. c5 a5 22. Bxb5 Bxb5 23. Qxb5 Rcb8 24. Qxd7 Rd8 25. Qc6 Rxd2 26. Qxa8 Qg2# 0-1